000 00429nam a2200157 i 4500
001 bg
100 1 _aGROBELAK, Lucjan
245 0 _aKomentarze gramatyczne i ćwiczenia do Vers la France i A Paris /
_cLucjan Grobelak.
260 _aWarszawa :
_bWiedza Powszechna,
_c1976.
300 _as. 355, nlb. 1.
040 _cBPK
041 _apol
080 _a801.5:804.0
942 _cKS
008 s pl f |000 0 pol
999 _c16805
_d16805
856 _uhttp://koha.tu.koszalin.pl/cgi-bin/koha/opac-detail.pl?biblionumber=16805
_yKatalog online BPK